Southville International School and Colleges
Your cart is empty.
  • Cart
  • Lists
    Public lists Eva Luna New books Lux_list list_1
    Your lists Log in to create your own lists
  • Log in to your account
  • Your cookies
  • Search history
Southville International School and Colleges
  • Advanced search
  • Recent comments
  • Most popular
  • Libraries

Log in to your account

Log in with GOOGLE


If you do not have an external account, but do have a local account, you can still log in:

  1. Home
  2. MARC view: Writing paragraphs and essays :
Normal view MARC view ISBD view

Writing paragraphs and essays : (Record no. 39326)

[ view plain ]
MARC details
000 -LEADER
fixed length control field 00599nam a2200205 a 4500
005 - DATE AND TIME OF LATEST TRANSACTION
control field 20140311163007.0
008 - FIXED-LENGTH DATA ELEMENTS--GENERAL INFORMATION
fixed length control field 041020s19uu xx 00 eng d
050 ## - LIBRARY OF CONGRESS CALL NUMBER
Classification number PE 1439
Item number .W54 2003
100 ## - MAIN ENTRY--PERSONAL NAME
Personal name Wingersky, Joy
245 ## - TITLE STATEMENT
Title Writing paragraphs and essays :
Remainder of title intergrating reading, writing and grammar skills /
260 ## - PUBLICATION, DISTRIBUTION, ETC. (IMPRINT)
Place of publication, distribution, etc Belmont, CA :
Name of publisher, distributor, etc Cengage Wadsworth,
Date of publication, distribution, etc 2003.
300 ## - PHYSICAL DESCRIPTION
Extent 472 p. :
Other physical details col. ill. ;
Dimensions 27 cm.
650 ## - SUBJECT ADDED ENTRY--TOPICAL TERM
Topical term or geographic name as entry element Reading.
650 ## - SUBJECT ADDED ENTRY--TOPICAL TERM
Topical term or geographic name as entry element Writing.
650 ## - SUBJECT ADDED ENTRY--TOPICAL TERM
Topical term or geographic name as entry element Grammar.
700 ## - ADDED ENTRY--PERSONAL NAME
Personal name Boerner, Jan
700 ## - ADDED ENTRY--PERSONAL NAME
Personal name Holguin-Balogh, Diana
942 ## - ADDED ENTRY ELEMENTS (KOHA)
Koha item type Books
Source of classification or shelving scheme Library of Congress Classification
Call number prefix Foreign
Holdings
Withdrawn status Lost status Source of classification or shelving scheme Damaged status Home library Current library Shelving location Date acquired Source of acquisition Total Checkouts Full call number Barcode Date last seen Copy number Price effective from Koha item type
    Library of Congress Classification   College Library College Library General Circulation Section 10/20/2004 Donation   PE 1439 .W54 2003 C5348 05/15/2018 1 10/10/2013 Books

Writing paragraphs and essays :

APA

Wingersky J., Boerner J. & Holguin-Balogh D. (2003). Writing paragraphs and essays. Belmont, CA: Cengage Wadsworth.

Chicago

Wingersky Joy, Boerner Jan and Holguin-Balogh Diana. 2003. Writing paragraphs and essays. Belmont, CA: Cengage Wadsworth.

Harvard

Wingersky J., Boerner J. and Holguin-Balogh D. (2003). Writing paragraphs and essays. Belmont, CA: Cengage Wadsworth.

MLA

Wingersky Joy, Boerner Jan and Holguin-Balogh Diana. Writing paragraphs and essays. Belmont, CA: Cengage Wadsworth. 2003.

  • Place hold
  • Print
  • Cite
  • Add to your cart (remove)
  • Save record
    BIBTEX Dublin Core MARCXML MARC (non-Unicode/MARC-8) MARC (Unicode/UTF-8) MARC (Unicode/UTF-8, Standard) MODS (XML) RIS
  • More searches
    Search for this title in:
    Other Libraries (WorldCat) Other Databases (Google Scholar) Online Stores (Bookfinder.com) Open Library (openlibrary.org)

Exporting to Dublin Core...

SOUTHVILLE LIBRARY

Southville International School and Colleges Library

1281 Tropical Ave. Cor. Luxembourg St., BF Homes International, Las Pinas City

Tel. No. 8256374 / 252358 Loc. 117/146

Powered by Koha